Estudios colombo-alemanes sobre la autonoma̕ negocial Org̕enes, historia, evolucin̤ y perspectivas de los institutos /

Detalles Bibliográficos
Autor principal: Castro-Ayala, Jos ̌Guillermo
Otros Autores: Stb̲er, Michael
Formato: eBook
Lenguaje:español
Publicado: Bogot:̀ Universidad Catl̤ica de Colombia, 2019
Materias:
Acceso en línea:Acceso restringido

MARC

LEADER 00000nam a22000007a 4500
005 20190816222748.0
007 cr|||| ||||
008 190816s2019 co |||||s|||| 00||0 spa d
020 |a 9789585456433 
035 |a 24047 
040 |a vLex 
090 |c 9212  |d 9212 
100 1 |a Castro-Ayala, Jos ̌Guillermo 
245 1 0 |a Estudios colombo-alemanes sobre la autonoma̕ negocial  |h [Recurso electrn̤ico] :  |b Org̕enes, historia, evolucin̤ y perspectivas de los institutos /  |c Jos ̌Guillermo Castro-Ayala, Michael Stb̲er 
256 |a Servicio en ln̕ea 
260 |a Bogot:̀  |b Universidad Catl̤ica de Colombia,  |c 2019 
300 |a 1 recurso electrn̤ico 
500 |a El negocio jurd̕ico (Rechtsgeschf̃t) y el contrato (Vertrag) se han consolidado a lo largo y ancho de la cultura jurd̕ica occidental como los ms̀ preciados instrumentos para el ejercicio pleno de lo que dio en llamarse la autonoma̕ privada o Privatautonomie. La forma en la que se originaron en Occidente esas figuras, por lo menos, en lo que tiene que ver con su diferenciacin̤ misma con Oriente y sus concepciones jurd̕icas; as ̕como, poco a poco, se consolid ̤cada uno de esos instrumentos, sus vicisitudes y su relacin̤ con el mundo globalizado moderno y contemporǹeo, as ̕como la importancia del contrato como contenido de la obligacin̤ contractual (el precontrato o pactum de contrahendo), la relacin̤ de la disminucin̤ del precio, con la pretensin̤ resolutiva del contrato que le asiste al comprador, constituyen entre otros, el objeto de este nuevo esfuerzo investigativo. Como es bien conocido, de otro lado, la influencia germana en la dogmt̀ica privatista actual es de gran significacin̤. Por ese motivo se ha buscado proponer temas de profundo interš para los estudiantes, profesores y colegas, que permitan ampliar los conocimientos, los contornos reflexivos y sobre todo las perspectivas analt̕icas de los dos autores, que en una juiciosa amistad acadm̌ica han buscado hilvanar este trabajo que se pone a la juiciosa y rigurosa consideracin̤ de los lectores. 
506 1 |a Disponible solo en los productos indicados  |d vLex Global  |d vLex Global (Academic Edition, excluding Law Schools)  |d vLex Global (U.S. Academic Edition, Law Schools)  |d vLex Global (U.S. Academic Edition, excluding Law Schools)  |d vLex Global (Academic Edition, Law Schools) 
650 0 4 |a Derecho Civil  |z Colombia 
700 1 |a Stb̲er, Michael 
740 0 |a vLex Libros (Servicio en ln̕ea) 
856 4 0 |u http://vlex.com/source/estudios-colombo-alemanes-sobre-la-autonomia-negocial-origenes-historia-evolucion-y-perspectivas-de-los-institutos-24047  |z Acceso restringido 
942 |c BOOK 
999 0 |a Civil Law